000 00302 a2200145 4500
001 180803
020 _a
040 _cMagnum
100 _aMoreira, Eliane
240 1 0 _aCaminho de esperanca
_lpor
245 1 0 _aCaminho de esperanca
362 0 _a1899
697 _aMAGNITO: RELIGIAO
942 _cBK
999 _c180803
_d180803